Statistics for see how fast you can answer maths??

Click here to take the quiz!

General Stats

  • This quiz has been taken 3,747 times
    (3,741 since last reset)
  • The average score is 10 of 11

Answer Stats

HintAnswer% Correct
8*8=64
97%
type a million1000,000
96%
now type a billion1000,000,000
95%
165+10221187
94%
23+1841
94%
98/249
92%
719*10=7190
92%
how many zero's are in a trillion12
91%
45/6=7 r3
91%
888-432456
91%
42*8336
86%

Score Distribution

Percentile by Number Answered

Percent of People with Each Score

Your Score History

You have not taken this quiz since the last reset